[Event "Guernsey Holiday op"]
[Site "Guernsey"]
[Date "2002.10.22"]
[Round "3"]
[White "Bisson, John"]
[Black "Blackburn, Barry"]
[Result "0-1"]
[WhiteElo "1365"]
[BlackElo "1544"]
[PlyCount "100"]
[EventDate "2002.10.20"]
[EventType "swiss"]
[EventRounds "7"]
[EventCountry "GCI"]
[SourceTitle "EXT 2004"]
[Source "ChessBase"]
[SourceDate "2003.11.25"]
[SourceVersion "1"]
[SourceVersionDate "2003.11.25"]
[SourceQuality "1"]

1. d4 Nf6 2. Nf3 g6 3. c4 Bg7 4. Nc3 0-0 5. e4 d6 6. Be2 Nc6 7. 0-0 e5 8. d5 Ne7 9. a4 Ne8 10. Qc2 f5 11. exf5 gxf5 12. Kh1 Nf6 13. b3 a6 14. Rg1 Qe8 15. g3 Ng4 16. Bf1 e4 17. Ng5 Nxf2+ 18. Qxf2 Bxc3 19. Ra2 Ng6 20. Re2 Bg7 21. Nh3 Ne5 22. Qe3 Nf3 23. Rgg2 Kh8 24. Bb2 Bxb2 25. Rxb2 Bd7 26. Rgf2 Qf7 27. Nf4 Rae8 28. Be2 Qf6 29. Bxf3 exf3 30. Qxf3 Re1+ 31. Kg2 Rfe8 32. Rbe2 Re4 33. Rxe1 Rxe1 34. Re2 Rxe2+ 35. Nxe2 Qe5 36. Qc3 a5 37. Qxe5+ dxe5 38. Kf2 Kg7 39. Ke3 Kf6 40. Nc3 b6 41. h4 Ke7 42. Kf3 Kd6 43. Ke3 Kc5 44. Nb1 Kb4 45. Nd2 Kc3 46. Ke2 Be8 47. Kd1 Bh5+ 48. Kc1 e4 49. Nf1 Kd3 50. Kb2 e3 0-1

[Event "Southend op"]
[Site "London"]
[Date "2001.04.14"]
[Round "3"]
[White "Brooke, John"]
[Black "Blackburn, Barry"]
[Result "0-1"]
[WhiteElo "1344"]
[BlackElo "1568"]
[PlyCount "96"]
[EventDate "2001.04.13"]
[EventType "swiss"]
[EventRounds "7"]
[EventCountry "ENG"]
[SourceTitle "EXT 2006"]
[Source "ChessBase"]
[SourceDate "2005.11.24"]
[SourceVersion "1"]
[SourceVersionDate "2005.11.24"]
[SourceQuality "1"]

1. Nc3 Nf6 2. Nf3 d5 3. d4 Bf5 4. Bf4 c6 5. e3 e6 6. Bd3 Bxd3 7. cxd3 Bb4 8. a3 Bxc3+ 9. bxc3 0-0 10. h3 Qa5 11. Qb3 Rd8 12. 0-0 Qa6 13. Rfd1 Nbd7 14. a4 Rdc8 15. Ne5 Nxe5 16. Bxe5 Nd7 17. Bg3 b6 18. Kh2 f6 19. e4 Kf7 20. c4 Qa5 21. Bd6 Qa6 22. Re1 Re8 23. Re3 c5 24. exd5 exd5 25. Rae1 Rxe3 26. Rxe3 Re8 27. dxc5 Rxe3 28. fxe3 bxc5 29. Bg3 dxc4 30. dxc4 Nb6 31. Qb5 Qxb5 32. cxb5 Nxa4 33. Bb8 c4 34. Bxa7 c3 35. e4 Ke6 36. b6 Nc5 37. Bb8 Nd7 38. Bf4 Nxb6 39. Kg3 Nc4 40. Kf3 g5 41. Bc1 h5 42. g3 Ke5 43. g4 h4 44. Ke2 Kd4 45. Kf2 Kd3 46. Kf3 Kc2 47. Be3 Nxe3 48. Kxe3 Kd1 0-1

[Event "Southend op"]
[Site "London"]
[Date "2001.04.13"]
[Round "1"]
[White "Blackburn, Barry"]
[Black "Moore, John C"]
[Result "0-1"]
[WhiteElo "1568"]
[BlackElo "2151"]
[PlyCount "48"]
[EventDate "2001.04.13"]
[EventType "swiss"]
[EventRounds "7"]
[EventCountry "ENG"]
[SourceTitle "EXT 2006"]
[Source "ChessBase"]
[SourceDate "2005.11.24"]
[SourceVersion "1"]
[SourceVersionDate "2005.11.24"]
[SourceQuality "1"]

1. d4 d5 2. c4 c6 3. Nc3 Nf6 4. Nf3 e6 5. e3 Nbd7 6. cxd5 exd5 7. Bd3 Bd6 8. 0-0 0-0 9. b3 Re8 10. Bb2 Ne4 11. Rc1 Qe7 12. Bb1 Ndf6 13. h3 Nxc3 14. Rxc3 Ne4 15. Rc1 Bf5 16. Qe2 Rad8 17. g4 Bc8 18. Kg2 h5 19. Ne5 Qh4 20. Qf3 Bxe5 21. dxe5 hxg4 22. Qf4 Qxh3+ 23. Kg1 Nd2 24. Rfd1 Nf3+ 0-1

[Event "Southend op"]
[Site "London"]
[Date "2001.04.13"]
[Round "2"]
[White "Pierbattisti, Giorgio"]
[Black "Blackburn, Barry"]
[Result "1-0"]
[WhiteElo "1880"]
[BlackElo "1568"]
[PlyCount "95"]
[EventDate "2001.04.13"]
[EventType "swiss"]
[EventRounds "7"]
[EventCountry "ENG"]
[SourceTitle "EXT 2006"]
[Source "ChessBase"]
[SourceDate "2005.11.24"]
[SourceVersion "1"]
[SourceVersionDate "2005.11.24"]
[SourceQuality "1"]

1. d4 Nf6 2. c4 e5 3. dxe5 Ne4 4. Nf3 d6 5. Nbd2 Nc5 6. b4 Ne6 7. exd6 Bxd6 8. c5 Be7 9. Bb2 0-0 10. Nb3 Qe8 11. e3 Nd7 12. Bd3 Nf4 13. 0-0 Nxd3 14. Qxd3 Bf6 15. Bd4 Ne5 16. Nxe5 Bxe5 17. Qc3 Bxd4 18. exd4 Qe6 19. Rae1 Qg6 20. Re3 Be6 21. Rg3 Qh6 22. Re1 Rad8 23. Re5 Bxb3 24. axb3 Rxd4 25. h3 Rd1+ 26. Kh2 Qf4 27. Re4 Qh6 28. Rxg7+ Qxg7 29. Rg4 Qxg4 30. hxg4 Rfd8 31. Qe5 R1d7 32. f4 c6 33. Qg5+ Kh8 34. Qf6+ Kg8 35. f5 Rd4 36. Qg5+ Kh8 37. Qh6 R4d7 38. g5 Rg8 39. Qf6+ Rg7 40. Qe5 Rd8 41. g3 Kg8 42. Qe7 Rf8 43. f6 Rxg5 44. Qxb7 Rh5+ 45. Kg2 Rd8 46. Qxc6 Rd2+ 47. Kf3 Rhd5 48. Qe8# 1-0